书目信息 |
| 题名: |
意大利汉学史
|
|
| 作者: | 张永奋 , 白桦 著 | |
| 分册: | ||
| 出版信息: | 北京 学苑出版社 2016 |
|
| 页数: | 14,319页 | |
| 开本: | 23cm | |
| 丛书名: | ||
| 单 册: | ||
| 中图分类: | K207.8 | |
| 科图分类: | ||
| 主题词: | 汉学--han xue--历史--意大利 | |
| 电子资源: | ||
| ISBN: | 978-7-5077-4994-6 | |
| 000 | 00949nam0 22002651 450 | |
| 001 | 0120082118 | |
| 005 | 20170320082118.0 | |
| 010 | @a978-7-5077-4994-6@dCNY60.00 | |
| 100 | @a20160728d2016 em y0chiy50 ea | |
| 101 | 0 | @achi |
| 102 | @aCN@b110000 | |
| 105 | @aa z 000yy | |
| 106 | @ar | |
| 200 | 1 | @a意大利汉学史@9yi da li han xue shi@f张永奋, 白桦著 |
| 210 | @a北京@c学苑出版社@d2016 | |
| 215 | @a14,319页@c图@d23cm | |
| 300 | @a北京语言大学列国汉学史书系/阎纯德,吴志良主编 | |
| 300 | @a北京语言大学、澳门霍英东基金会和澳门基金会资助 | |
| 330 | @a本书分为六章,分别为意大利汉学概说、萌芽时期的意大利汉学、初创时期的意大利汉学、转向时期的意大利汉学、意大利汉学的停滞和复苏时期(1800-1870-1945)等。 | |
| 606 | 0 | @a汉学@9han xue@x历史@y意大利 |
| 690 | @aK207.8@v5 | |
| 701 | 0 | @a张永奋@9zhang yong fen@f(1969~)@4著 |
| 701 | 0 | @c(意)@a白桦@9bai hua@c(女)@4著 |
| 801 | 0 | @aCN@bTANGWEI@c20170308 |
| 905 | @b0956152-5@dK207.8@e109@f4 | |
| 意大利汉学史/张永奋, 白桦著.-北京:学苑出版社,2016 |
| 14,319页:图;23cm |
| 北京语言大学列国汉学史书系/阎纯德,吴志良主编.-北京语言大学、澳门霍英东基金会和澳门基金会资助 |
| ISBN 978-7-5077-4994-6:CNY60.00 |
| 本书分为六章,分别为意大利汉学概说、萌芽时期的意大利汉学、初创时期的意大利汉学、转向时期的意大利汉学、意大利汉学的停滞和复苏时期(1800-1870-1945)等。 |
| ● |
| 相关链接 |
|
|
|
|
正题名:意大利汉学史
索取号:K207.8/109
 
预约/预借
| 序号 | 登录号 | 条形码 | 馆藏地/架位号 | 状态 | 备注 |
| 1 | 0956152 | 209561525 | 第二样本阅览室/ [索取号:K207.8/109] | 在馆 | |
| 2 | 0956153 | 209561534 | 第二借阅区/ [索取号:K207.8/109] | 在馆 | |
| 3 | 0956154 | 209561543 | 第二借阅区/ [索取号:K207.8/109] | 在馆 | |
| 4 | 0956155 | 209561552 | 第二借阅区/ [索取号:K207.8/109] | 在馆 |